000 00745cab a2200241 4500
001 ABS47667
008 090401t1992 xxu||||| |||| 00| 0 eng d
035 _a(Sirsi) u62941
041 _aeng
100 _aMcRae, P.
245 _aAustralia: computers in real estate
260 _c1992
350 _a0
490 _aVictorian Real Estate Journal
_v56(4) December 1992, 38-42(4)
520 _aDetails the aims of a computerised real estate office in Australia and the types of hardware and software encountered in computerisation.
650 _aAUSTRALIA
650 _aCOMPUTERS
650 _aHARDWARE
650 _aSOFTWARE
690 _aMANAGEMENT-BUSINESS MANAGEMENT-INFORMATION MANAGEMENT
942 _n0
948 _c04/03/1997
999 _c39109
_d39109